Bring Me the Horizon Songs by First Lyrics - Statistics

General Stats
  • This quiz has been taken 275 times
  • The average score is 11 of 20
Answer Stats
Lyrics Song % Correct
What doesn't kill you makes you wish you were dead Drown
85%
Can you tell from the look in our eyes? (We're going nowhere) Shadow Moses
81%
Can you hear the silence? Can You Feel My Heart
80%
Remember the moment you left me alone and Throne
70%
Middle fingers up if you don't give a fuck Antivist
68%
I wouldn't hold my breath if I was you True Friends
67%
Some people are a lot like clouds, you know medicine
62%
My secrets are burning a hole through my heart Sleepwalking
62%
I've got a secret Chelsea Smile
60%
Watching Evangelion with a big fat slug of ketamine LosT
59%
For the love of God, will you bite your tongue Go to Hell, for Heaven's Sake
54%
You got hell to pay, but you already sold your soul Blasphemy
47%
Cut me open and tell me what's inside Avalanche
46%
Накривил е калпачето ей така, па така Parasite
43%
I know I bend and I break all my promises Join the Club
39%
Eyes like a car crash Deathbeds
36%
Let's fuck till the sun comes up Fuck
35%
Started off as a one night stand, lingered to a fling It Never Ends
34%
Ooh-ooh, ooh-ooh Every time you come around, you know I can't say no Bad Habits
29%
Burn me out like cuts, fade out when Centralia does CODE MISTAKE
29%
No matching quizzes found
Score Distribution
Percent of People with Each Score
Percentile by Number Answered
Your Score History
You have not taken this quiz